Problem of salinity of groundwater and its impact on coastal area of Saurashtra (Record no. 18463)

MARC details
000 -LEADER
fixed length control field 00610nam a2200181Ia 4500
082 ## - DEWEY DECIMAL CLASSIFICATION NUMBER
Classification number RP.0112
100 ## - MAIN ENTRY--AUTHOR NAME
Personal name Pandya, B.A.
245 #0 - TITLE STATEMENT
Title Problem of salinity of groundwater and its impact on coastal area of Saurashtra
260 ## - PUBLICATION, DISTRIBUTION, ETC. (IMPRINT)
Year of publication 0
Name of publisher ICSSR, New Delhi
300 ## - PHYSICAL DESCRIPTION
Number of Pages v.p.
650 ## - SUBJECT ADDED ENTRY--TOPICAL TERM
Topical Term CROPPING SYSTEMS - SAURASHTRA REGION
650 ## - SUBJECT ADDED ENTRY--TOPICAL TERM
Topical Term SALINITY - SAURASHTRA REGION
650 ## - SUBJECT ADDED ENTRY--TOPICAL TERM
Topical Term AGRICULTURE - SAURASHTRA REGION
650 ## - SUBJECT ADDED ENTRY--TOPICAL TERM
Topical Term SAURASHTRA REGION - RURAL CONDITIONS
650 ## - SUBJECT ADDED ENTRY--TOPICAL TERM
Topical Term WATER, UNDERGROUND - SAURASHTRA REGION
710 ## - ADDED ENTRY--CORPORATE NAME
Corporate name or jurisdiction name as entry element Saurashtra University, Rajkot, Department of Economics
942 ## - ADDED ENTRY ELEMENTS (KOHA)
Koha item type Research Reports
Source of classification or shelving scheme Dewey Decimal Classification
Holdings
Withdrawn status Lost status Damaged status Not for loan Collection code Home library Current library Date acquired Bill Date Full call number Accession Number Price effective from Koha item type
      Not For Loan Minor Research project Reports NASSDOC Library NASSDOC Library 08/10/2004 2004-10-22 RP.0112 16913 18/04/2019 Research Reports